Normal view
MARC view
- Cristianini, Nello
Entry Personal Name
001 - CONTROL NUMBER
- control field: 95869
003 - CONTROL NUMBER IDENTIFIER
- control field: NUST
005 - DATE AND TIME OF LATEST TRANSACTION
- control field: 20220730093743.0
008 - FIXED-LENGTH DATA ELEMENTS
- fixed length control field: 220730|| aca||aabn | a|a d
040 ## - CATALOGING SOURCE
- Original cataloging agency: NUST
- Transcribing agency: NUST
100 ## - HEADING--PERSONAL NAME
- Personal name: Cristianini, Nello
670 ## - SOURCE DATA FOUND
- Source citation: Work cat.: (NUST)175375: Cristianini, Nello., An introduction to support vector machines :, 2000.
